000 00535nam a2200217 a 4500
999 _c4065
_d4065
001 4065
003 BD-JhCC
005 20180131175500.0
008 171118s uk |||| |||| 000 0 eng d
035 _a(BD-JhCC)
040 _aBD-JhCC
_dBD-JhCC
041 _aeng
082 _a823.914
_bMAH
100 _aMaher, T. F.
245 _aThe Riddle of Monk's Island /
_cT. F. Maher
260 _aLondon :
_bBlackie & Son Ltd
300 _a49 p.;
_c14 cm
490 _aThe Crusader Series
650 _aChildren stories
942 _2ddc
_cBK